Normal view
MARC view
Entry Personal Name
001 - CONTROL NUMBER
- control field: 165178
003 - CONTROL NUMBER IDENTIFIER
- control field: OSt
005 - DATE AND TIME OF LATEST TRANSACTION
- control field: 20220923221145.0
008 - FIXED-LENGTH DATA ELEMENTS
- fixed length control field: 220923|| aca||aabn | a|a d
040 ## - CATALOGING SOURCE
- Original cataloging agency: OSt
- Transcribing agency: OSt
100 ## - HEADING--PERSONAL NAME
- Personal name: ब्रीड, सी0डी0; श्याम सुन्दर किशोर, अनु
670 ## - SOURCE DATA FOUND
- Source citation: Work cat.: (OSt)347849: ब्रीड, सी0डी0; श्याम सुन्दर किशोर, अनु., नीति शास्त्र सिद्वान्त के पॉच प्रकार, 1970
